000 01153cam a2200337 a 4500
003 CHAP
005 20220329142506.0
008 010625d2000 mx 00 spa d
010 _a84260
011 _a85232
035 _a95763
040 _cCHAP
100 0 0 _aVersañez Aviles, Saturnino.
_9118954
245 0 0 _aEvaluación de productos comerciales de malatión contra el gorgojo del maíz
_c/por Saturnino Versañez Aviles
260 _aCocula, Gro. :
_bEl autor,
_c2000.
300 _a42 h.
500 _aTesis (Ing. Agr. Fitotecnista) -- Colegio Superior Agropecuario del Estado de Guerrero
590 _aBATCH-UPD
_b10
_c20130110
_lUCH01
_h0629
590 _aBATCH-UPD
_b10
_c20130410
_lUCH01
_h0313
590 _aBATCH-UPD
_b10
_c20130914
_lUCH01
_h1042
590 _aCONVERSION
_b10
_c20130109
_lUCH01
_h1347
650 1 4 _aControl de plagas.
_927595
650 1 4 _aMaíz
_xAlmacenamiento
_xPlagas.
_970854
650 1 4 _aMalathion.
_970056
650 1 4 _aPesticidas.
_987536
650 1 4 _aSitophilus zeamais.
_9106790
901 _aBK
905 _aLilia Sánchez G.
942 _cTESIS
949 _aTesis
_bBC
_cTES
_d957631
_eTS1
_h38263
_i95763
_sb
999 _c84260
_d84260